[Event "24th ch-EUR Indiv w 2024"]
[Site "Rhodes GRE"]
[Date "2024.04.20"]
[Round "2.49"]
[White "Zimina, Olga"]
[Black "Stefan, Iulia-Cristiana"]
[Result "1-0"]
[WhiteTitle "IM"]
[WhiteElo "2299"]
[BlackElo "1938"]
[WhiteFideId "4132190"]
[BlackFideId "1273876"]
[EventDate "2024.04.19"]

1. d4 d5 2. Nf3 e6 3. g3 Nf6 4. Bg2 h6 5. O-O Bd6 6. c4 O-O 7. b3 b6 8. Bb2 Bb7
9. Ne5 Nbd7 10. Nd2 Re8 11. Rc1 c5 12. cxd5 exd5 13. Nxd7 Nxd7 14. Nc4 Bf8 15.
Ne3 cxd4 16. Bxd4 Nf6 17. Bxf6 Qxf6 18. Rc7 Rab8 19. Bxd5 Bxd5 20. Nxd5 Qe5 21.
Rc2 Rbd8 22. Rd2 Rd6 23. Nf4 Rxd2 24. Qxd2 g5 25. Nd5 Qxe2 26. Nf6+ Kh8 27. Qd7
Re7 28. Qc8 Kg7 29. Nd7 Rxd7 30. Qxd7 Qxa2 31. Qd4+ Kg8 32. Qc3 Bg7 33. Qf3 Qb2
34. Re1 Qf6 35. Re8+ Kh7 36. Qe4+ Qg6 37. Qd5 Qf6 38. Ra8 a5 39. Ra7 Kg8 40. Rc7
Bf8 41. Rc6 Qa1+ 42. Kg2 b5 43. Qxb5 Qd4 44. Qf5 Qb4 45. Qd5 a4 46. Rc7 Qxb3 47.
Qxb3 axb3 48. Rb7 Kg7 49. Kf3 Kg6 50. Rb6+ f6 51. Rxb3 Bc5 52. Rb5 Bd4 53. Rd5
Bb6 54. Rd6 Bc5 55. Rc6 Bd4 56. g4 h5 57. h3 hxg4+ 58. hxg4 Ba7 59. Ke2 Bd4 60.
f3 Be5 61. Kd3 Bf4 62. Ke4 Be5 63. Kd5 Kf7 64. Rb6 Bc3 65. Rb7+ Kg6 66. Ke6 Be5
67. Ra7 Bd4 68. Ra8 Kg7 69. Kf5 Kf7 70. Rd8 Be5 71. Rd7+ Ke8 72. Ke6 Bc3 73. Rc7
Ba5 74. Rc8+ Bd8 75. Ra8 1-0

[Event "24th ch-EUR Indiv w 2024"]
[Site "Rhodes GRE"]
[Date "2024.04.20"]
[Round "2.50"]
[White "Grapsa, Georgia"]
[Black "Hrebenshchykova, Yelyzaveta"]
[Result "0-1"]
[WhiteTitle "WFM"]
[BlackTitle "WIM"]
[WhiteElo "1920"]
[BlackElo "2289"]
[WhiteFideId "4206436"]
[BlackFideId "14159899"]
[EventDate "2024.04.19"]

1. d4 Nf6 2. c4 e6 3. Nf3 d5 4. g3 dxc4 5. Bg2 Bb4+ 6. Bd2 a5 7. O-O O-O 8. Qc2
Bxd2 9. Qxd2 b5 10. a4 c6 11. Ne5 Nd5 12. Nc3 f6 13. Nf3 b4 14. Nb1 Ba6 15. Rc1
Nd7 16. e4 N5b6 17. Qe3 e5 18. Nbd2 Re8 19. dxe5 Nxe5 20. Nxe5 fxe5 21. Bf1 Qd4
22. Nxc4 Nxc4 23. Bxc4+ Bxc4 24. Qxd4 exd4 25. Rxc4 Rxe4 26. Rd1 Re2 27. b3 Rf8
28. f4 Rd8 29. Rxc6 d3 30. Rc5 d2 31. Kf1 Rde8 32. Re5 R8xe5 33. fxe5 Rxh2 34.
Kg1 Re2 35. Kf1 Re1+ 36. Rxe1 dxe1=Q+ 37. Kxe1 Kf7 38. Ke2 Ke6 39. Kd3 Kxe5 40.
Kc4 h5 0-1

[Event "24th ch-EUR Indiv w 2024"]
[Site "Rhodes GRE"]
[Date "2024.04.20"]
[Round "2.51"]
[White "Movsesian, Julia"]
[Black "Piddubna, Bozhena"]
[Result "0-1"]
[WhiteTitle "WGM"]
[BlackTitle "WCM"]
[WhiteElo "2276"]
[BlackElo "2005"]
[WhiteFideId "4139690"]
[BlackFideId "34109293"]
[EventDate "2024.04.19"]

1. e4 e5 2. Nf3 Nc6 3. Bc4 Nf6 4. Ng5 d5 5. exd5 Na5 6. Bb5+ c6 7. dxc6 bxc6 8.
Qf3 Be7 9. Bd3 h6 10. Ne4 Nd5 11. Ng3 O-O 12. O-O Nb4 13. Nf5 Bg5 14. Be4 g6 15.
Ng3 f5 16. Qc3 Nd5 17. Bxd5+ cxd5 18. d4 f4 19. dxe5 fxg3 20. Qxg3 Bf5 21. Na3
Bxc1 22. Raxc1 Qb6 23. b3 Rac8 24. Qh4 Nc6 25. Rfe1 Rfe8 26. c4 Nxe5 27. cxd5
Qa5 28. f4 Rxc1 0-1

[Event "24th ch-EUR Indiv w 2024"]
[Site "Rhodes GRE"]
[Date "2024.04.20"]
[Round "2.52"]
[White "Stefanidi, Maria-Anna"]
[Black "Berend, Elvira"]
[Result "0-1"]
[WhiteTitle "WFM"]
[BlackTitle "WGM"]
[WhiteElo "1944"]
[BlackElo "2260"]
[WhiteFideId "4207750"]
[BlackFideId "4000510"]
[EventDate "2024.04.19"]

1. e4 c5 2. Nf3 a6 3. d4 cxd4 4. Nxd4 e5 5. Nb3 Nf6 6. Bg5 Bb4+ 7. c3 Be7 8. Qd3
d6 9. N1d2 Be6 10. O-O-O Nbd7 11. Bxf6 Nxf6 12. Nc4 Qc7 13. Ne3 a5 14. Kb1 a4
15. Nd2 a3 16. b3 O-O 17. f3 d5 18. Rc1 Rfd8 19. Qc2 Bc5 20. Qd3 Be7 21. Qc2 Bc5
22. Nf5 dxe4 23. Nxe4 Nxe4 24. fxe4 Bxf5 25. exf5 Be3 26. Bc4 Rd2 27. Qe4 Rb2+
28. Ka1 Bxc1 29. Rxc1 Rd8 30. Bd5 Qc5 0-1

[Event "24th ch-EUR Indiv w 2024"]
[Site "Rhodes GRE"]
[Date "2024.04.20"]
[Round "2.53"]
[White "Kalayci, Nino"]
[Black "Sieber, Fiona"]
[Result "0-1"]
[WhiteTitle "WCM"]
[BlackTitle "WGM"]
[WhiteElo "1755"]
[BlackElo "2222"]
[WhiteFideId "13603221"]
[BlackFideId "12902373"]
[EventDate "2024.04.19"]

1. d4 Nf6 2. Nf3 g6 3. g3 Bg7 4. Bg2 d5 5. c4 dxc4 6. Qa4+ c6 7. Qxc4 O-O 8. O-O
Be6 9. Qa4 Nbd7 10. Nc3 b5 11. Qd1 b4 12. Na4 Qa5 13. b3 Ne4 14. Ne5 Nxe5 15.
Bxe4 Rad8 16. Bb2 Ng4 17. Nc5 Qxc5 18. dxc5 Rxd1 19. Raxd1 Bxb2 20. Bxc6 Rc8 21.
Bd7 Rxc5 22. Bxe6 fxe6 23. Rd7 Kf7 24. Rxa7 Rc2 25. h3 Nf6 26. e3 Rd2 27. g4 Ba3
28. f4 Rxa2 29. f5 exf5 30. gxf5 Re2 31. fxg6+ hxg6 32. Rf3 Bc1 33. Rb7 Rxe3 34.
Rxe3 Bxe3+ 35. Kf1 Bd2 36. Ke2 Bc3 37. Kd3 Ke6 38. Rb5 Ne8 39. Rb8 Nd6 40. Rb6
Kf5 41. Ke3 Ne8 42. Rb5+ e5 43. Rd5 Nc7 44. Rd7 Ne6 45. Rf7+ Kg5 46. Rh7 Nd4 47.
h4+ Kg4 48. Ke4 Nxb3 49. Rh6 Nd2+ 50. Kd3 e4+ 51. Kc2 Kf5 52. h5 gxh5 53. Rxh5+
Kf4 54. Rh4+ Ke3 55. Rh7 Nf3 0-1

[Event "24th ch-EUR Indiv w 2024"]
[Site "Rhodes GRE"]
[Date "2024.04.20"]
[Round "2.54"]
[White "Aliu, Arlinda"]
[Black "Mandura, Tijana"]
[Result "0-1"]
[BlackTitle "WIM"]
[WhiteElo "1813"]
[BlackElo "2218"]
[WhiteFideId "22101292"]
[BlackFideId "16500270"]
[EventDate "2024.04.19"]

1. Nf3 d5 2. d4 Nf6 3. Bf4 c5 4. e3 Nc6 5. Nc3 Bg4 6. Be2 e6 7. Ne5 Bxe2 8. Qxe2
cxd4 9. Nxc6 bxc6 10. exd4 Bb4 11. O-O O-O 12. Na4 Qa5 13. b3 Rfe8 14. Rac1 Ba3
15. Rcd1 c5 16. dxc5 Bxc5 17. Nxc5 Qxc5 18. Be5 Nd7 19. Bd4 Qc7 20. f4 Rac8 21.
Rc1 f6 22. a4 e5 23. fxe5 fxe5 24. Bf2 Nf6 25. Qa6 d4 26. Rfe1 Nd5 27. Bg3 Ne3
28. c3 Qf7 29. Bxe5 Qd5 30. Rxe3 dxe3 31. Bg3 e2 32. Re1 Rxc3 33. b4 Rxg3 34.
hxg3 Qd2 35. Qc4+ Kh8 36. Qf7 Qxe1+ 37. Kh2 Rg8 0-1

[Event "24th ch-EUR Indiv w 2024"]
[Site "Rhodes GRE"]
[Date "2024.04.20"]
[Round "2.55"]
[White "Batsiashvili, Nino"]
[Black "Shuqja, Klean"]
[Result "1-0"]
[WhiteTitle "GM"]
[BlackTitle "WFM"]
[WhiteElo "2445"]
[BlackElo "1977"]
[WhiteFideId "13602993"]
[BlackFideId "4701585"]
[EventDate "2024.04.19"]

1. e4 c6 2. d4 d5 3. Nd2 dxe4 4. Nxe4 Nd7 5. Bc4 Ngf6 6. Ng5 e6 7. N1f3 h6 8.
Nh3 Nb6 9. Bb3 c5 10. c3 Be7 11. O-O cxd4 12. cxd4 O-O 13. Ne5 Nbd5 14. a3 Bd7
15. Qd3 a6 16. Re1 Rc8 17. Bd2 Bb5 18. Qg3 Kh8 19. Rad1 Nd7 20. Bxd5 exd5 21.
Nf4 Nxe5 22. dxe5 Ba4 23. b3 Bc6 24. Bc3 Rg8 25. e6 f6 26. Ng6+ Kh7 27. Qd3 1-0

[Event "24th ch-EUR Indiv w 2024"]
[Site "Rhodes GRE"]
[Date "2024.04.20"]
[Round "2.56"]
[White "Houska, Jovanka"]
[Black "Androni, Konstantina"]
[Result "1/2-1/2"]
[WhiteTitle "IM"]
[WhiteElo "2340"]
[BlackElo "1977"]
[WhiteFideId "405094"]
[BlackFideId "4215362"]
[EventDate "2024.04.19"]

1. d4 d5 2. c4 e6 3. cxd5 exd5 4. Nc3 Nf6 5. Bg5 Be7 6. e3 O-O 7. Bd3 c6 8. h3
Re8 9. Qc2 h6 10. Bf4 Nbd7 11. Nf3 Nf8 12. O-O Bd6 13. Ne5 a6 14. Na4 Be6 15. a3
Qc7 16. Bh2 N6d7 17. f4 f6 18. Nf3 c5 19. dxc5 Nxc5 20. Nxc5 Qxc5 21. Nd4 Qxc2
22. Bxc2 Bf7 23. Kf2 Ne6 24. Nf5 Bf8 25. b4 a5 26. bxa5 Rxa5 27. Rfb1 Nc5 1/2-1/2

[Event "24th ch-EUR Indiv w 2024"]
[Site "Rhodes GRE"]
[Date "2024.04.20"]
[Round "2.57"]
[White "Peycheva, Gergana"]
[Black "Bluebaum, Johanna"]
[Result "0-1"]
[WhiteTitle "FM"]
[WhiteElo "2295"]
[BlackElo "1977"]
[WhiteFideId "2916711"]
[BlackFideId "24647373"]
[EventDate "2024.04.19"]

1. d4 Nf6 2. c4 e6 3. Nf3 d5 4. g3 Nc6 5. Bg2 Bd6 6. O-O O-O 7. c5 Be7 8. a3 a5
9. Bf4 b6 10. cxb6 cxb6 11. Nc3 Ba6 12. Rc1 Rc8 13. Re1 Nh5 14. Qd2 Nxf4 15.
gxf4 f5 16. Qe3 Rf6 17. Ng5 Bc4 18. Nxe6 Qd7 19. Ng5 Rg6 20. Nf3 Re8 21. Ne5
Nxe5 22. fxe5 Rg4 23. f4 Qe6 24. Kh1 Rd8 25. Rg1 Qh6 26. Rcf1 Rh4 27. h3 Kh8 28.
Rf3 b5 29. Nb1 b4 30. b3 Bb5 31. axb4 axb4 32. Rc1 g5 33. Rc7 gxf4 34. Qd2 Re8
35. Qc2 Qe6 36. Rf2 f3 37. exf3 Rxd4 38. f4 Bh4 39. Rf3 Re4 40. Nd2 Re2 41. Bf1
Re1 42. Kh2 Rg8 43. Qc5 Qg6 44. Rc8 Bxf1 45. Rxg8+ Qxg8 0-1

[Event "24th ch-EUR Indiv w 2024"]
[Site "Rhodes GRE"]
[Date "2024.04.20"]
[Round "2.58"]
[White "Kordzadze, Nino"]
[Black "Eric, Jovana"]
[Result "0-1"]
[BlackTitle "WGM"]
[WhiteElo "1976"]
[BlackElo "2162"]
[WhiteFideId "13603817"]
[BlackFideId "938238"]
[EventDate "2024.04.19"]

1. d4 Nf6 2. Nf3 e6 3. Bg5 d5 4. e3 Be7 5. Bd3 h6 6. Bxf6 Bxf6 7. c3 Nd7 8. Nbd2
e5 9. dxe5 Nxe5 10. Nxe5 Bxe5 11. Nf3 Bf6 12. Qc2 c6 13. O-O-O Qa5 14. Kb1 Be6
15. Bf5 O-O-O 16. h4 Kb8 17. g4 Bxf5 18. Qxf5 Qb6 19. Ka1 Qc7 20. g5 Be7 21.
gxh6 g6 22. Qe5 Rxh6 23. Qg7 Rh5 24. Ng5 Bxg5 25. hxg5 Rxg5 26. Rh7 Rf5 27. f4
a6 28. Rdh1 c5 29. a3 Qd6 30. Rh8 Rxh8 31. Rxh8+ Ka7 32. Qg8 Kb6 33. Qc8 Qc7 34.
Qa8 d4 35. Rc8 Qe7 36. Re8 Qf6 37. cxd4 cxd4 38. Rd8 Rc5 39. exd4 Rc1+ 40. Ka2
Qc6 0-1

[Event "24th ch-EUR Indiv w 2024"]
[Site "Rhodes GRE"]
[Date "2024.04.20"]
[Round "2.59"]
[White "Skuhala, Barbara"]
[Black "Federovski, Adi"]
[Result "1/2-1/2"]
[WhiteTitle "WFM"]
[WhiteElo "2162"]
[BlackElo "1976"]
[WhiteFideId "14605465"]
[BlackFideId "2813777"]
[EventDate "2024.04.19"]

1. e4 c5 2. Nc3 Nc6 3. Nf3 Nf6 4. d4 cxd4 5. Nxd4 d6 6. Bg5 Nxd4 7. Qxd4 e5 8.
Qd2 Be7 9. O-O-O O-O 10. Bxf6 Bxf6 11. Qxd6 Qa5 12. Rd5 Rd8 13. Rxa5 Rxd6 14.
Rd5 Rxd5 15. Nxd5 Bg5+ 16. Kb1 Be6 17. Nc3 Rd8 18. Bd3 h5 19. h4 Be7 20. g3 Bb4
21. a3 Ba5 22. f4 Bxc3 23. bxc3 Bg4 24. Re1 Rd6 25. Kc1 Kf8 26. Kd2 exf4 27.
gxf4 Rb6 28. c4 Bc8 29. e5 Ke7 30. Kc3 g6 31. Kd4 Ra6 32. Ra1 Ra4 33. Rb1 Rxa3
34. c5 Ra4+ 35. c4 Ra6 36. Be4 b6 37. Bd5 Bf5 38. Rb2 Bc8 39. cxb6 axb6 40. Rb1
Bf5 41. Rb2 Bc8 42. Rb3 Kf8 43. Rb4 Ke7 44. Rb2 Kf8 45. Be4 Ke7 46. Rb5 Bd7 47.
Rd5 Bc6 48. Rd6 Bxe4 49. Kxe4 Ra4 50. Kd4 Ra6 51. Ke4 Ra4 52. Kd5 Rb4 53. Rf6
Rb1 54. f5 gxf5 55. Rxf5 Rd1+ 56. Ke4 Rc1 57. Kd4 Rd1+ 58. Kc3 Rc1+ 59. Kb3 Re1
60. Rxh5 Ke6 61. Rh6+ Kxe5 62. Kc3 f6 63. Rh8 Kf5 64. h5 Kg5 65. h6 Re6 66. Kd4
Kg6 67. Kd5 Re5+ 68. Kd4 Re6 69. Kc3 f5 70. h7 Kg7 71. Rf8 Kxh7 72. Rxf5 Kg6 73.
Rf2 Kg5 74. Kb4 Re1 75. Rb2 Re5 76. Ra2 Re1 77. Ra8 Rb1+ 78. Kc3 Kf5 79. Re8
Rc1+ 80. Kd3 Rd1+ 81. Kc2 Rd6 82. Kc3 Re6 83. Rb8 Ke5 84. Kb4 Kd4 85. Rd8+ Ke5
86. Kb5 Rf6 87. Rd1 Rg6 88. Ka6 Rf6 89. Kb7 Rg6 90. Kc7 Rf6 91. Rd5+ Ke4 92. Rd6
Rxd6 93. Kxd6 Kd4 94. Kc6 Kxc4 95. Kxb6 1/2-1/2

[Event "24th ch-EUR Indiv w 2024"]
[Site "Rhodes GRE"]
[Date "2024.04.20"]
[Round "2.60"]
[White "Peglau, Charis"]
[Black "Esadze, Tamari"]
[Result "0-1"]
[WhiteTitle "WFM"]
[WhiteElo "2161"]
[BlackElo "1965"]
[WhiteFideId "16219996"]
[BlackFideId "13611186"]
[EventDate "2024.04.19"]

1. e4 c5 2. Nf3 d6 3. Nc3 Nf6 4. e5 dxe5 5. Nxe5 Nc6 6. Nxc6 bxc6 7. Bc4 e6 8.
d3 Be7 9. O-O O-O 10. Qf3 Nd5 11. Ne4 f5 12. Ng3 Bd6 13. Re1 Bd7 14. Bd2 Qc7 15.
h3 Rae8 16. Rad1 Kh8 17. Ne2 e5 18. Nc3 Nb6 19. Bb3 Qd8 20. a4 Nc8 21. Nb1 Qf6
22. Na3 Ne7 23. Nc4 Nd5 24. Nxd6 Qxd6 25. Bc3 Rf6 26. Kh1 Rg6 27. Bd2 f4 28. Re2
Rh6 29. Rde1 g5 30. Kg1 g4 31. hxg4 Rh4 32. g5 Bg4 33. Qe4 Bxe2 34. Rxe2 Qg6 35.
Qxg6 hxg6 36. f3 Kg7 37. Re4 Rh5 38. Kf2 Rxg5 39. Bc4 Rh8 40. Re1 Rh2 41. Rg1
Ne3 42. Bxe3 fxe3+ 43. Kxe3 Rgxg2 44. Rxg2 Rxg2 45. Bb3 a5 46. Be6 Rxc2 47. b3
Rb2 48. Bc4 Kf6 49. Bg8 Kg5 50. Bf7 Rb1 51. Be6 Kh4 52. Kf2 Rb2+ 53. Ke3 Kg3 54.
Bf7 g5 55. Be6 Rb1 56. Ke4 Re1+ 57. Kf5 Kxf3 58. Kxg5 Ke3 59. Bc4 Kd4 60. Kf5
Rc1 0-1

[Event "24th ch-EUR Indiv w 2024"]
[Site "Rhodes GRE"]
[Date "2024.04.20"]
[Round "2.61"]
[White "Dakic, Marta"]
[Black "Allahverdiyeva, Ayan"]
[Result "0-1"]
[BlackTitle "WIM"]
[WhiteElo "1957"]
[BlackElo "2152"]
[WhiteFideId "990043"]
[BlackFideId "13412590"]
[EventDate "2024.04.19"]

1. e4 c5 2. Nf3 d6 3. d4 cxd4 4. Nxd4 Nf6 5. Nc3 a6 6. h3 Nc6 7. Be3 Bd7 8. g4
h6 9. Rg1 Rc8 10. Nxc6 Bxc6 11. Bg2 g5 12. Qd2 Bg7 13. h4 Nxg4 14. Bh3 Ne5 15.
Qe2 g4 16. Bxg4 Nxg4 17. Qxg4 Bxc3+ 18. bxc3 Qc7 19. Bb6 h5 20. Qg7 Qxb6 21.
Qxh8+ Kd7 22. Qh7 Qb2 23. Qf5+ Kc7 24. Kd2 Kb8 25. a4 Bxa4 26. Qxc8+ Kxc8 27.
Rxa4 Qb6 28. Rc4+ Kd7 29. Rg2 Qb5 30. Rb4 Qf1 31. Rg5 Qxf2+ 32. Kd1 Qxh4 33. Rf5
Ke6 0-1

[Event "24th ch-EUR Indiv w 2024"]
[Site "Rhodes GRE"]
[Date "2024.04.20"]
[Round "2.62"]
[White "Rodriguez Redondo, Adhara"]
[Black "Kroliczek, Gabriela"]
[Result "1-0"]
[WhiteTitle "WFM"]
[WhiteElo "2152"]
[BlackElo "1957"]
[WhiteFideId "32065698"]
[BlackFideId "21816727"]
[EventDate "2024.04.19"]

1. e4 e6 2. d4 d5 3. exd5 exd5 4. Nf3 Nc6 5. Bb5 Bd6 6. c4 dxc4 7. O-O Ne7 8.
Bxc4 O-O 9. Be3 Bg4 10. h3 Bh5 11. g4 Bg6 12. Nc3 Na5 13. Be2 f5 14. Ng5 Qd7 15.
d5 f4 16. Bd4 c5 17. dxc6 Nexc6 18. Bc5 Rad8 19. Qd5+ Bf7 20. Qd3 Bg6 21. Qxd6
Qxd6 22. Bxd6 Rxd6 23. Nge4 Rd4 24. f3 Rfd8 25. b3 a6 26. h4 h5 27. gxh5 Bxh5
28. Kf2 Re8 29. Rg1 Kf8 30. Rg5 Re5 31. Rag1 Bf7 32. Rxg7 Rh5 33. R7g4 b5 34.
Rxf4 Ne5 35. Rg5 Rxg5 36. hxg5 Nac6 37. Rf6 Ke7 38. Ke3 b4 39. Na4 Be8 40. Nac5
Nf7 41. g6 Nh6 42. Re6+ Kd8 43. Rf6 Ke7 44. g7 Ng8 45. Re6+ Kf7 46. Ng5+ Kxg7
47. Rxe8 Rd5 48. Nce6+ Kh8 49. Nf7+ Kh7 50. Bd3+ 1-0

[Event "24th ch-EUR Indiv w 2024"]
[Site "Rhodes GRE"]
[Date "2024.04.20"]
[Round "2.63"]
[White "Kalaiyalahan, Akshaya"]
[Black "Tsetskhladze, Mariam"]
[Result "1/2-1/2"]
[WhiteTitle "FM"]
[BlackTitle "WCM"]
[WhiteElo "2148"]
[BlackElo "1955"]
[WhiteFideId "422894"]
[BlackFideId "13623834"]
[EventDate "2024.04.19"]

1. d4 Nf6 2. c4 e6 3. Nc3 Bb4 4. e3 O-O 5. Nf3 d5 6. Bd2 b6 7. cxd5 exd5 8. Rc1
Bb7 9. Nb5 Bxd2+ 10. Qxd2 c6 11. Nc3 Nbd7 12. Bd3 Qe7 13. O-O c5 14. dxc5 bxc5
15. Qe2 Ne5 16. Nxe5 Qxe5 17. Rfe1 Rac8 18. Na4 c4 19. Bb1 Rfe8 20. Rcd1 Bc6 21.
Nc3 Rb8 22. h3 Rb7 23. Rd2 Reb8 24. f4 Qe7 25. Qf2 Qc5 26. Ree2 Re7 27. g4 Rbe8
28. Rd4 h6 29. Kf1 Bd7 30. f5 Re5 31. Qf4 Qe7 32. Kf2 Bc6 33. Bc2 Nh7 34. Nd1
Ng5 35. Kg3 Qf6 36. Nc3 Qe7 37. Nd1 Qf6 38. Nc3 Qe7 39. h4 Nh7 40. Nd1 Nf6 41.
Qf3 Qc7 42. Kh3 Qe7 43. Rg2 Ne4 44. Re2 Nd6 45. a4 1/2-1/2

[Event "24th ch-EUR Indiv w 2024"]
[Site "Rhodes GRE"]
[Date "2024.04.20"]
[Round "2.64"]
[White "Silva, Ana Ines Teixeira Da"]
[Black "Polterauer, Chiara"]
[Result "0-1"]
[WhiteTitle "WFM"]
[BlackTitle "WFM"]
[WhiteElo "1933"]
[BlackElo "2141"]
[WhiteFideId "1932543"]
[BlackFideId "1638165"]
[EventDate "2024.04.19"]

1. e4 e5 2. Nf3 Nc6 3. Bc4 Bc5 4. c3 Nf6 5. d4 exd4 6. b4 Bb6 7. e5 d5 8. exf6
dxc4 9. Qe2+ Be6 10. b5 Na5 11. fxg7 Rg8 12. Nxd4 Bxd4 13. cxd4 Qd5 14. Nc3 Qxg2
15. Qe4 Rxg7 16. d5 Qxe4+ 17. Nxe4 Bf5 18. Nf6+ Kd8 19. Bd2 b6 20. O-O-O Nb7 21.
Rde1 Nd6 22. Bf4 Bd7 23. Rhg1 Rg6 24. Nxh7 Rxg1 25. Rxg1 Bxb5 26. Rg8+ Ne8 27.
Ng5 Ke7 28. h4 Rd8 29. h5 Rxd5 30. h6 Nf6 31. Rg7 Be8 32. h7 Nxh7 33. Nxh7 Rf5
34. Bg5+ Ke6 35. f4 c3 36. Nf6 Rxf6 37. Bxf6 Kxf6 38. Rg5 Ba4 39. Re5 c5 40. Re3
c2 41. Re4 Bd7 42. Re5 Ba4 43. Re4 b5 44. Re5 c4 45. Rc5 a5 46. Rc7 Ke6 47. Ra7
f6 48. Rxa5 Kd5 49. Ra8 Ke4 50. Rh8 Kxf4 51. a3 f5 52. Rh1 Ke3 53. Rh3+ Kf2 54.
Rh4 Kg3 55. Rh1 f4 56. Kd2 Kg2 57. Rc1 f3 58. Ke3 Bb3 59. Kd2 f2 60. Ke2 c3 0-1

[Event "24th ch-EUR Indiv w 2024"]
[Site "Rhodes GRE"]
[Date "2024.04.20"]
[Round "2.65"]
[White "Suleimanova, Ava"]
[Black "Follana Albelda, Lucia"]
[Result "1/2-1/2"]
[WhiteTitle "WGM"]
[WhiteElo "2139"]
[BlackElo "1954"]
[WhiteFideId "4137728"]
[BlackFideId "24516937"]
[EventDate "2024.04.19"]

1. e4 c6 2. d4 d5 3. Nc3 dxe4 4. Nxe4 Nf6 5. Nxf6+ exf6 6. c3 Bd6 7. Bd3 O-O 8.
Qc2 Re8+ 9. Ne2 g6 10. Be3 Be6 11. h4 f5 12. h5 Qf6 13. hxg6 fxg6 14. g3 Bd5 15.
Rh6 Bxg3 16. O-O-O Bd6 17. Bxf5 Bf8 18. Rxg6+ hxg6 19. Bxg6 Nd7 20. Rg1 Bg7 21.
Nf4 Kf8 22. Bxe8 Rxe8 23. Nh5 Qf3 24. Qg6 Rxe3 25. Qxg7+ Ke8 26. fxe3 Qxh5 27.
b3 Qe2 28. Qh8+ Ke7 29. Rg7+ Kd6 30. Qh6+ Kc7 31. Qf4+ Kb6 32. Rxd7 Qe1+ 33. Kc2
Qe2+ 34. Kb1 Qd1+ 35. Kb2 Qd2+ 36. Kb1 Qd1+ 37. Kb2 Qd2+ 38. Ka3 Qc1+ 39. Ka4
Bxb3+ 40. Kxb3 Qb1+ 41. Ka3 1/2-1/2

[Event "24th ch-EUR Indiv w 2024"]
[Site "Rhodes GRE"]
[Date "2024.04.20"]
[Round "2.66"]
[White "Karaivanova, Petya"]
[Black "Dwilewicz, Katarzyna"]
[Result "1-0"]
[WhiteTitle "WFM"]
[BlackTitle "WFM"]
[WhiteElo "1909"]
[BlackElo "2130"]
[WhiteFideId "2919150"]
[BlackFideId "1148486"]
[EventDate "2024.04.19"]

1. e4 e5 2. Nf3 Nc6 3. Bc4 Nf6 4. d3 Be7 5. c3 O-O 6. O-O d5 7. exd5 Nxd5 8. Re1
Bg4 9. Nbd2 Nb6 10. Bb5 f6 11. Qb3+ Kh8 12. Bxc6 bxc6 13. d4 Nd7 14. h3 Bf5 15.
Nh4 Rb8 16. Qc4 Nb6 17. Qe2 Qd7 18. Ndf3 Bd6 19. dxe5 fxe5 20. Ng5 Nd5 21. Nxf5
Qxf5 22. Ne4 Rbe8 23. Qc4 Qd7 24. Be3 a5 25. Rad1 Re6 26. Qd3 Rg6 27. Kh2 Qf7
28. c4 Nb4 29. Qe2 Nxa2 30. Ra1 Nb4 31. Rxa5 h6 32. Ra7 Qf5 33. f3 c5 34. Bxc5
Nc6 35. Ra2 Bxc5 36. Nxc5 Qf4+ 37. Kh1 Rd8 38. b3 Nb4 39. Rb2 Nc6 40. Nd3 Qg3
41. Nxe5 Nxe5 42. Qxe5 c5 43. Qxg3 Rxg3 44. Re5 Rc8 45. Rd2 Rg6 46. f4 Rb6 47.
Rd3 Rcb8 48. Rxc5 Rxb3 49. Rxb3 Rxb3 50. Kh2 Kg8 51. Rc7 g6 52. h4 Rc3 53. h5
gxh5 54. c5 h4 55. c6 Kf8 56. f5 Ke8 57. f6 h3 58. Re7+ Kf8 59. c7 hxg2 60. Kxg2
Rc2+ 61. Kg3 Rc3+ 62. Kg4 Rc4+ 63. Kf5 Rc5+ 64. Kg6 h5 65. Rd7 1-0

[Event "24th ch-EUR Indiv w 2024"]
[Site "Rhodes GRE"]
[Date "2024.04.20"]
[Round "2.67"]
[White "Koridze, Lile"]
[Black "Vasylchuk, Diana"]
[Result "1-0"]
[WhiteTitle "WFM"]
[WhiteElo "2121"]
[BlackElo "1931"]
[WhiteFideId "13612514"]
[BlackFideId "34134611"]
[EventDate "2024.04.19"]

1. d4 Nf6 2. c4 g6 3. Nc3 Bg7 4. e4 d6 5. Nf3 O-O 6. Be2 Nbd7 7. O-O e5 8. Be3
exd4 9. Nxd4 Re8 10. f3 c6 11. Nc2 Qe7 12. Qd2 Nb6 13. Rad1 Bf8 14. Bf4 d5 15.
cxd5 cxd5 16. Bb5 Rd8 17. e5 Nh5 18. Bg5 f6 19. exf6 Nxf6 20. Rfe1 Qf7 21. Qf4
Bg7 22. Nb4 Be6 23. Nd3 Rf8 24. Qd6 d4 25. Ne5 Ne8 26. Nxf7 Nxd6 27. Nxd6 dxc3
28. Rxe6 cxb2 29. Re2 h6 30. Be3 Rad8 31. Ree1 b1=Q 32. Rxb1 Rxd6 33. a4 Bd4 34.
a5 a6 35. Bxd4 Rxd4 36. Bxa6 bxa6 37. Rxb6 Kg7 38. Ree6 Rd1+ 39. Kf2 Rd2+ 40.
Kg3 h5 41. Rxg6+ Kf7 42. Rbf6+ Ke7 43. Rxf8 Kxf8 44. Rxa6 1-0

[Event "24th ch-EUR Indiv w 2024"]
[Site "Rhodes GRE"]
[Date "2024.04.20"]
[Round "2.68"]
[White "Vardi, Shlomit"]
[Black "Walter, Ema"]
[Result "0-1"]
[BlackTitle "WFM"]
[WhiteElo "1906"]
[BlackElo "2120"]
[WhiteFideId "2801442"]
[BlackFideId "14960710"]
[EventDate "2024.04.19"]

1. e4 e5 2. Nf3 Nc6 3. Bb5 Nge7 4. Nc3 Ng6 5. d4 exd4 6. Nxd4 Nxd4 7. Qxd4 c6 8.
Be2 Qb6 9. Qd3 Be7 10. a4 d6 11. a5 Qc7 12. O-O O-O 13. b4 d5 14. Rb1 dxe4 15.
Nxe4 Re8 16. f4 Bf5 17. Kh1 Bh4 18. Bf3 Qe7 19. g3 Rad8 20. Qc4 Bxe4 21. Bxe4
Qxe4+ 22. Qxe4 Rxe4 23. f5 Be7 24. fxg6 hxg6 25. b5 cxb5 26. Rxb5 Rd7 27. Bf4
Re2 28. Rfb1 g5 29. Bb8 Rdd2 30. g4 Bd6 31. Bxd6 Rxd6 32. Rxb7 a6 33. Rb8+ Kh7
34. R8b6 Rdd2 35. Rxa6 Rxh2+ 36. Kg1 Rdg2+ 37. Kf1 Rxc2 38. Kg1 Rcg2+ 39. Kf1
Ra2 40. Kg1 Rhg2+ 41. Kf1 Rxg4 42. Ra7 Rf4+ 43. Kg1 g4 44. Rf1 Rxf1+ 45. Kxf1 f5
46. a6 Kg6 47. Ra8 f4 48. a7 Kf7 0-1

[Event "24th ch-EUR Indiv w 2024"]
[Site "Rhodes GRE"]
[Date "2024.04.20"]
[Round "2.69"]
[White "Abrisqueta Zudaire, Leyre"]
[Black "Mihailidou, Magdalini"]
[Result "1-0"]
[WhiteTitle "WFM"]
[WhiteElo "2115"]
[BlackElo "1915"]
[WhiteFideId "32092253"]
[BlackFideId "25801236"]
[EventDate "2024.04.19"]

1. d4 d5 2. c4 e6 3. Nf3 Nf6 4. g3 h6 5. Bg2 Bd6 6. O-O b6 7. Nc3 O-O 8. Ne5 Bb7
9. Qc2 c5 10. Nb5 cxd4 11. Bf4 Bc5 12. Nd3 Na6 13. a3 Ne4 14. b4 Be7 15. Nb2 Qd7
16. Rad1 Nd6 17. Nxd4 Rac8 18. Nf3 Bf6 19. Ne5 Bxe5 20. Bxe5 Nxc4 21. Nxc4 b5
22. Bxg7 Kxg7 23. Qb2+ f6 24. Ne3 Rc7 25. h4 Rfc8 26. h5 Qf7 27. Bf3 Nb8 28. Rd4
Nd7 29. Rg4+ Kf8 30. Rg6 Ne5 31. Rxh6 Qg7 32. Ng4 Nxg4 33. Rg6 Qh7 34. Bxg4 f5
35. Bf3 Rc3 36. Qd2 Kf7 37. Qg5 Qh8 38. h6 Rg8 39. Rxg8 Qxg8 40. Bh5+ Kf8 41.
Qd8# 1-0